El sí de las niñas.
Salvato in:
| Autore principale: | |
|---|---|
| Altri autori: | |
| Natura: | Libro |
| Lingua: | spagnolo |
| Pubblicazione: |
Madrid, España:
Ediciones Cátedra,
1981.
|
| Edizione: | Octava edición. |
| Serie: | Colección Letras Hispánicas,
|
| Soggetti: | |
| Tags: |
Aggiungi Tag
Nessun Tag, puoi essere il primo ad aggiungerne!!
|
MARC
| LEADER | 00000cam a2200000 a 4500 | ||
|---|---|---|---|
| 001 | UCX2880 | ||
| 003 | CL-VaPUC | ||
| 005 | 20241120094819.0 | ||
| 008 | 910827t19810000SP |||||||||||||||||spa|d | ||
| 999 | |c 223799 |d 223797 | ||
| 020 | |a 84-376-0038-3 | ||
| 040 | |c Pontificia Universidad Católica de Valparaíso | ||
| 082 | 0 | 4 | |a 862 FER 1981 |2 21 |
| 100 | |a Fernández de Moratín, Leandro |e autor |9 317192 | ||
| 245 | 1 | 3 | |a El sí de las niñas. |
| 250 | |a Octava edición. | ||
| 260 | |a Madrid, España: |b Ediciones Cátedra, |c 1981. | ||
| 300 | |a 165 páginas. | ||
| 490 | 0 | |a Colección Letras Hispánicas, |n 21. | |
| 500 | |a c.4: Donación. Memo EDU. 4-11-2024. | ||
| 583 | |a last modification |c 20160805 10:20:33 |k Rodrigo Vera | ||
| 600 | 0 | |9 866682 |a Moratín, Leandro Fernández de, |d 1760-1828 |v Crítica e interpretación |x Dramaturgo y poeta español | |
| 650 | 0 | |a Teatro español |9 265077 |x Comedias |y Siglo 19 | |
| 650 | 0 | |a Matrimonio |9 254924 |x Jóvenes |v Dramas españoles | |
| 700 | |a Montero Padilla, José |e edición |9 318976 | ||
| 942 | |c BK |2 ddc | ||
| 945 | |d 19910827 00:00:00 | ||
| 952 | |0 0 |1 0 |4 0 |6 862_000000000000000_FER_1981 |7 0 |8 R |9 219952 |a BIBEDU |b BIBEDU |d 2019-11-15 |i 2886227 |o 862 FER 1981 |p 2886227 |r 2023-01-13 |w 2019-11-15 |y BK_R |k LIT | ||
| 952 | |0 0 |1 0 |4 0 |6 862_000000000000000_FER_1981 |7 0 |8 R |9 219953 |a BIBEDU |b BIBEDU |d 2019-11-15 |i 2886235 |o 862 FER 1981 |p 2886235 |r 2023-01-13 |w 2019-11-15 |y BK_R |k LIT | ||
| 952 | |0 0 |1 0 |3 erb |4 0 |6 862_000000000000000_FER_1981 |7 0 |8 R |9 219954 |a BIBEDU |b BIBEDU |c MCIRC |i 5336325 |o 862 FER 1981 |p 5336325 |r 2023-01-13 |w 2019-11-15 |y BK_R |z Catalogado en:20160807 |k EPE | ||
| 952 | |0 0 |1 0 |2 ddc |4 0 |6 862_000000000000000_FER_1981 |7 0 |8 R |9 598140 |a BIBEDU |b BIBEDU |d 2024-11-20 |e Donación |i 5663309 |o 862 FER 1981 |p 5663309 |r 2024-11-20 |t 4 |w 2024-11-20 |y BK_R |k EDU | ||